| 000 | 00743nab a2200229u 4500 | ||
|---|---|---|---|
| 001 | 07631 | ||
| 003 | HDC | ||
| 007 | c| |||a|c|aaaa | ||
| 008 | 210128b20160301my ||||| |||| 00| 0 eng d | ||
| 040 | _aHDC | ||
| 245 | 0 | _aGiving halal trade a boost | |
| 336 |
_atext _2rdacontent |
||
| 337 |
_acomputer _2rdamedia |
||
| 338 |
_aonline resource _2rdacarrier |
||
| 650 |
_aHalal Industry Development Corporation _98165 |
||
| 650 |
_aInternational Trade and Industry Ministry _98166 |
||
| 710 | _aThe Star | ||
| 856 | _zRequest full-text at [email protected] | ||
| 942 | _2lcc | ||
| 942 | _cNEWS | ||
| 942 | _kNWSC 001396 | ||
| 999 |
_c4954 _d4954 |
||